| 000 | 00712nam a22002057a 4500 | ||
|---|---|---|---|
| 005 | 20171025105426.0 | ||
| 008 | 170805b xxu||||| |||| 00| 0 eng d | ||
| 020 | _a9780198399179 | ||
| 050 |
_aQC 21 _b.P828 2014 |
||
| 100 | _aPople, Stephen | ||
| 245 |
_aComplete physics for Cambridge IGCSE / _cStephen Pople |
||
| 250 | _aThird edition | ||
| 260 |
_aOxford : _bOxford University Press, _cc2014 |
||
| 300 |
_a336 pages : _bcolor illustrations ; _c28 cm. |
||
| 500 | _aIncludes index. | ||
| 650 |
_2Library of Congress Classification _aPhysics _vExaminations _xStudy guides |
||
| 650 |
_2Library of Congress Classification _aPhysics _vProblems, exercises, etc. |
||
| 942 |
_2lcc _cBK |
||
| 999 |
_c340923 _d340923 |
||